The Microbial Challenge (Record no. 16472)
[ view plain ]
| 000 -LEADER | |
|---|---|
| fixed length control field | 00505nam a22001937a 4500 |
| 003 - CONTROL NUMBER IDENTIFIER | |
| control field | OSt |
| 005 - DATE AND TIME OF LATEST TRANSACTION | |
| control field | 20170105103441.0 |
| 008 - FIXED-LENGTH DATA ELEMENTS--GENERAL INFORMATION | |
| fixed length control field | 120425t xxu||||| |||| 00| 0 eng d |
| 020 ## - INTERNATIONAL STANDARD BOOK NUMBER | |
| International Standard Book Number | 9780763756895 |
| 040 ## - CATALOGING SOURCE | |
| Transcribing agency | ASAB |
| 050 ## - LIBRARY OF CONGRESS CALL NUMBER | |
| Classification number | 616.9 , KAR |
| 100 ## - MAIN ENTRY--PERSONAL NAME | |
| Personal name | Robert I Krasner |
| 9 (RLIN) | 142 |
| 245 ## - TITLE STATEMENT | |
| Title | The Microbial Challenge |
| Remainder of title | Science Disease and Public Health |
| 250 ## - EDITION STATEMENT | |
| Edition statement | 2 nd |
| 260 ## - PUBLICATION, DISTRIBUTION, ETC. | |
| Place of publication, distribution, etc. | New Delhi |
| Name of publisher, distributor, etc. | Jones and Bartlett |
| 300 ## - PHYSICAL DESCRIPTION | |
| Extent | 476 |
| 650 ## - SUBJECT ADDED ENTRY--TOPICAL TERM | |
| Source of heading or term | The Microbia, Science Disease |
| 9 (RLIN) | 143 |
| 942 ## - ADDED ENTRY ELEMENTS (KOHA) | |
| Source of classification or shelving scheme | |
| Koha item type | Book |
| Withdrawn status | Lost status | Source of classification or shelving scheme | Damaged status | Not for loan | Permanent Location | Current Location | Date acquired | Total Checkouts | Full call number | Barcode | Date last seen | Price effective from | Koha item type |
|---|---|---|---|---|---|---|---|---|---|---|---|---|---|
| Atta-ur-Rahman School of Applied Biosciences (ASAB) | Atta-ur-Rahman School of Applied Biosciences (ASAB) | 04/25/2012 | 616.9 , KAR | ASAB1360 | 04/25/2012 | 04/25/2012 | Book |
